JRE-IKST-042の採用駅 - Statistics

General Stats
  • This quiz has been taken 19 times
    9 since last reset
  • The average score is 10 of 14
Answer Stats
Answer % Correct
成田
100%
東我孫子
100%
成田空港
83%
新木
83%
佐原
67%
銚子
67%
湖北
67%
小林
67%
空港第2ビル
67%
酒々井
50%
布佐
50%
木下
50%
安食
50%
下総松崎
50%
No matching quizzes found
Score Distribution
Percent of People with Each Score
Percentile by Number Answered
Your Score History
You have not taken this quiz since the last reset